00346nam a22001217a 4500008004100000040005500041080002700096245003400123250001300157260003200170300001200202650001000214230626b |||||||| |||| 00| 0 eng d aNational Science LibrarycNational Science Library aR 37(4/9)(058.7)bQ4.2 aEuropa world of learning 2015 a65th ed. aLondon: bRoutledge, c1947 a3265p.  aIndex